MARC details
| 000 -CABECERA |
| campo de control de longitud fija |
01779cam a2200301 a 4500 |
| 001 - NÚMERO DE CONTROL |
| campo de control |
991106591848906196 |
| 005 - FECHA Y HORA DE LA ÚLTIMA TRANSACCIÓN |
| campo de control |
20251111105459.0 |
| 008 - DATOS DE LONGITUD FIJA--INFORMACIÓN GENERAL |
| campo de control de longitud fija |
130410s2013 dcua b 001 0 eng d |
| 020 ## - NÚMERO INTERNACIONAL ESTÁNDAR DEL LIBRO |
| Número Internacional Estándar del Libro |
9781475531091 |
| 035 ## - NÚMERO DE CONTROL DEL SISTEMA |
| Número de control de sistema |
(UTL)9042414-01utoronto_inst |
| 035 ## - NÚMERO DE CONTROL DEL SISTEMA |
| Número de control de sistema |
(SIRSI)9042414 |
| 035 ## - NÚMERO DE CONTROL DEL SISTEMA |
| Número de control de sistema |
(OCoLC)837959241 |
| 040 ## - FUENTE DE LA CATALOGACIÓN |
| Centro catalogador/agencia de origen |
YDXCP |
| Centro/agencia transcriptor |
YDXCP |
| Centro/agencia modificador |
BTCTA |
| -- |
UKMGB |
| -- |
KSG |
| -- |
TWC |
| -- |
BDX |
| -- |
CUI |
| -- |
ZAD |
| 041 ## - CÓDIGO DE LENGUA |
| Código de lengua del texto/banda sonora o título independiente |
eng |
| 050 #4 - SIGNATURA TOPOGRÁFICA DE LA BIBLIOTECA DEL CONGRESO |
| Número de clasificación |
HJ141 |
| Número de documento/Ítem |
.P83 2013 |
| 245 00 - MENCIÓN DE TÍTULO |
| Título |
Public financial management and its emerging architecture |
| Mención de responsabilidad, etc. |
/ edited by Marco Cangiano, Teresa Curristine, and Michel Lazare. |
| 260 ## - PUBLICACIÓN, DISTRIBUCIÓN, ETC. |
| Lugar de publicación, distribución, etc. |
Washington D.C. : |
| Nombre del editor, distribuidor, etc. |
International Monetary Fund, |
| Fecha de publicación, distribución, etc. |
2013 |
| 300 ## - DESCRIPCIÓN FÍSICA |
| Extensión |
xii, 456 pages : |
| Otras características físicas |
illustrations ; |
| Dimensiones |
23 cm. |
| 504 ## - NOTA DE BIBLIOGRAFÍA, ETC. |
| Nota de bibliografía, etc. |
Includes bibliographical references and index. |
| 505 0# - NOTA DE CONTENIDO CON FORMATO |
| Nota de contenido con formato |
An overview of contemporary public financial management reforms — Designing and building: PFM innovations and reforms — Strengthening the foundations: modernizing the PFM infrastructure — Adapting to the environment: PFM reform in developing countries. |
| 520 ## - SUMARIO, ETC. |
| Sumario, etc. |
The first two decades of the twenty-first century have witnessed an influx of innovations and reforms in public financial management. The current wave of reforms is markedly different from those in the past, owing to the sheer number of innovations, their widespread adoption, and the sense that they add up to a fundamental change in the way governments manage public money. This book takes stock of the most important innovations that have emerged over the past two decades. |
| 650 #0 - PUNTO DE ACCESO ADICIONAL DE MATERIA--TÉRMINO DE MATERIA |
| Término de materia o nombre geográfico como elemento de entrada |
Public administration |
| 9 (RLIN) |
26458 |
| 650 #0 - PUNTO DE ACCESO ADICIONAL DE MATERIA--TÉRMINO DE MATERIA |
| Término de materia o nombre geográfico como elemento de entrada |
Finance, Public |
| 9 (RLIN) |
10755 |
| 700 ## - ENTRADA AGREGADA--NOMBRE PERSONAL |
| Nombre de persona |
Curristine, Teresa |
| Fechas asociadas al nombre |
1970- |
| 9 (RLIN) |
26459 |
| Término indicativo de función/relación |
editor |
| 700 ## - ENTRADA AGREGADA--NOMBRE PERSONAL |
| Nombre de persona |
Lazare, Michel |
| 9 (RLIN) |
26460 |
| Término indicativo de función/relación |
editor |
| 700 ## - ENTRADA AGREGADA--NOMBRE PERSONAL |
| Nombre de persona |
Cangiano, M. |
| Forma completa/desarrollada del nombre |
(Marco) |
| Fechas asociadas al nombre |
editor |
| 942 ## - ELEMENTOS DE ENTRADA AGREGADA (KOHA) |
| Fuente del sistema de clasificación o colocación |
Clasificación de Library of Congress |